00390nam a2200145Ia 4500008004100000020001500041041000800056082001800064100003800082245003100120250000600151260004400157300001300201650003000214210716s2011 xx 000 0 und d a8179925684 aeng a658.304 ARMM aArmstrong, Michael;Baron, Angela. aHandbook of strategic hrm. a1 aNew DelhibJaico Publishing Housec2011 axxii,257 aHuman Resource Management